La Formule 1 de A à Z - Statistiques

Statistiques générales
  • Ce quiz a été pris 64 fois
  • Le résultat moyen est 17 sur 26
Statistiques - réponses
Hint Réponse % Correct
F Nom de l'équipe la plus titrée à ce jour Ferrari
100%
K Prénom du pilote Raikkonen Kimi
97%
D Motif du drapeau brandi au passage de la ligne d’arrivée par les concurrents Damier
95%
B Siège moulé sur mesure pour le corps du pilote Baquet
93%
S Voiture de sécurité qui neutralise la course en cas d'accident Safety Car
91%
Q Séance chronométrée déterminant l'ordre de départ de la course Qualifications
90%
E L'organisation (l'équipe) qui conçoit et engage les monoplaces Ecurie
88%
I Nom usuel du circuit Enzo et Dino Ferrari, en Italie Imola
88%
G Le nom d’une course….tout simplement Grand Prix
86%
H Structure de protection en titane au-dessus du cockpit Halo
84%
A Gain de vitesse en se plaçant juste derrière une autre voiture Aspiration
83%
T Nom des fervents supporters d’une équipe italienne, généralement habillés de rouge Tifosi
78%
L Célèbre pilote, champion du Monde en 1975, 1977 et 1984 Lauda
74%
V Bordure colorée à l'intérieur ou à l'extérieur des virages Vibreur
72%
P Zone située derrière les garages où se trouvent les motor-homes et les camions Paddock
71%
C Officiel bénévole assurant la sécurité et le signalement sur la piste Commissaire
67%
N Surnommé "L'Enfer Vert", un circuit légendaire de plus de 20 km dans sa version historique Nurburgring
59%
U Stratégie consistant à s'arrêter avant son rival pour profiter de pneus neufs Undercut
59%
O Stratégie consistant à s'arrêter après son rival pour le dépasser Overcut
57%
Y Circuit d'Abu Dhabi, célèbre pour son hôtel qui enjambe la piste et son final au crépuscule Yas Marina
48%
Z L'endroit précis où le pilote écrase la pédale de frein avant d'entrer en virage Zone de freinage
48%
R Distance parcourue en piste entre deux changements de pneus Relais
34%
W Ancienne séance de réchauffement le dimanche matin Warm-up
34%
J Pilote autrichien, le seul à avoir été sacré champion du monde à titre posthume (en 1970) Jochen Rindt
19%
M Voiture de réserve de l’équipe, remplaçant une des deux engagées, en cas de défaillance de dernière minute Mulet
14%
X Petites ailettes sur les pontons, célèbres à la fin des années 90, aujourd'hui interdites X-Wings
7%
Aucun quiz correspondant
Distribution des résultats
% des personnes avec chaque résultat
Percentile par nombre de réponses
Votre historique - résultats
Vous n’avez pas pris ce quiz